Bible First Words Quiz Stats

 Plays Quiz Updated Dec 10, 2018

Also try: First Words
Challenge
Share
Tweet
Embed
Score 0/200 Timer 05:00
7 Plays Today
word % Correct
the
98.8%
the
98.8%
the
98.8%
the
98.8%
the
98.8%
the
98.8%
the
98.8%
the
98.8%
the
98.8%
the
98.8%
the
98.8%
the
98.8%
the
98.8%
the
98.8%
the
98.8%
the
98.8%
the
98.8%
the
98.8%
the
98.8%
the
98.8%
the
98.8%
the
98.8%
the
98.8%
the
98.8%
the
98.8%
the
98.8%
the
98.8%
the
98.8%
the
98.8%
the
98.8%
the
98.8%
the
98.8%
the
98.8%
the
98.8%
the
98.8%
the
98.8%
God
96.6%
God
96.6%
God
96.6%
God
96.6%
God
96.6%
God
96.6%
God
96.6%
God
96.6%
God
96.6%
God
96.6%
God
96.6%
God
96.6%
a
96.3%
In
95.1%
in
95.1%
be
95.1%
be
95.1%
be
95.1%
and
93.5%
And
93.5%
and
93.5%
and
93.5%
And
93.5%
And
93.5%
and
93.5%
And
93.5%
and
93.5%
And
93.5%
and
93.5%
And
93.5%
and
93.5%
word % Correct
And
93.5%
and
93.5%
And
93.5%
and
93.5%
and
93.5%
And
93.5%
And
93.5%
and
93.5%
And
93.5%
and
93.5%
and
93.5%
And
93.5%
and
93.5%
and
93.5%
earth
91.5%
earth
91.5%
Earth
91.5%
was
91.1%
was
91.1%
was
91.1%
was
91.1%
was
91.1%
was
91.1%
beginning
90.9%
he
88.4%
he
88.4%
created
88.2%
light
85.6%
light
85.6%
light
85.6%
light
85.6%
light
85.6%
heaven
85.5%
Heaven
85.5%
heaven
85.5%
there
81.8%
there
81.8%
there
81.8%
good
80.1%
Let
75.4%
Let
75.4%
let
75.4%
Let
75.4%
let
75.4%
said
73.7%
said
73.7%
said
73.7%
Day
72.7%
day
72.7%
day
72.7%
it
70.9%
it
70.9%
it
70.9%
it
70.9%
saw
66.6%
saw
66.6%
darkness
64%
darkness
64%
darkness
64%
Night
60.9%
first
58.6%
of
53.1%
of
53.1%
of
53.1%
of
53.1%
of
53.1%
land
52.3%
word % Correct
land
52.3%
second
51.2%
that
49.7%
that
49.7%
made
49.4%
form
48.8%
void
46.7%
without
46.4%
called
45.7%
called
45.7%
called
45.7%
called
45.7%
called
45.7%
waters
44%
waters
44%
waters
44%
waters
44%
waters
44%
waters
44%
waters
44%
waters
44%
from
37.8%
from
37.8%
from
37.8%
so
32.5%
so
32.5%
Spirit
32%
divide
30.8%
morning
30.6%
morning
30.6%
firmament
30.5%
firmament
30.5%
firmament
30.5%
firmament
30.5%
firmament
30.5%
upon
30.1%
upon
30.1%
evening
29.8%
evening
29.8%
Seas
29.8%
face
29.8%
face
29.8%
were
28.5%
were
28.5%
were
28.5%
were
28.5%
deep
26.5%
above
24.7%
divided
24.3%
divided
24.3%
dry
23.4%
dry
23.4%
moved
21.3%
under
19.4%
under
19.4%
midst
17.6%
one
17.4%
which
15.1%
which
15.1%
place
13.6%
together
13.1%
together
13.1%
gathered
13%
unto
11.1%
appear
10.1%
gathering
10%

You're not logged in!

Compare scores with friends on all Sporcle quizzes.
OR
Log In

You Might Also Like...

Show Comments

Extras

Top Quizzes Today


Score Distribution

Your Account Isn't Verified!

In order to create a playlist on Sporcle, you need to verify the email address you used during registration. Go to your Sporcle Settings to finish the process.

Report this User

Report this user for behavior that violates our Community Guidelines.

Details: